00381nam a2200121Ia 4500008004000000020001800040082001700058100003300075245005200108260003500160300001300195650005100208210210b1999 xxu||||| |||| 00| 0 eng d a81 219 1483 3 a658.562 DALI aDALELA (Suresh) and SAURABH. aISO 9000 a manual for total quality management. aN DbS. Chand & Co. Ltd.c1999 avii, 472 aI S O 9000, Total Quality Management T Q M